000 01565cam a2200157 4500500
005 20251214020910.0
041 _afre
042 _adc
100 1 0 _aClaude, Viviane
_eauthor
245 0 0 _aPáginas finales
260 _c2025.
500 _a37
520 _aLas trayectorias residenciales y de movilidad han sido analizadas por la literatura científica y algunos vínculos entre dichas temáticas han sido identificados a fin de comprender las elecciones de los individuos. Este artículo prolonga esas reflexiones para determinar si los itinerarios residenciales pueden explicar la propagación del uso de un modo de desplazamiento. El objetivo es comprender si las trayectorias residenciales pueden ser un soporte para la difusión de la práctica del ciclismo a partir del centro de la región Île-de-France. Basado en entrevistas semi-directivas realizadas entre 2018 y 2019, e interrogando los itinerarios residenciales y el uso de la bicicleta de habitantes de la periferia cercana a París, este trabajo muestra que las dinámicas residenciales centrífugas contribuyen al desarrollo del ciclismo según esta misma tendencia. El desarrollo del ciclismo del centro hacia la periferia de la aglomeración parisina se explica fundamentalmente por la importación de prácticas de desplazamiento, así como por la difusión de la movilización ciudadana.
786 0 _nEspaces et sociétés | 194 | 1 | 2025-05-13 | p. 258-264 | 0014-0481
856 4 1 _uhttps://shs.cairn.info/revista-espaces-et-societes-2025-1-page-258?lang=es&redirect-ssocas=7080
999 _c1571462
_d1571462